000
00224nmm a2200085Ia 4500
008
220120s9999||||xx |||||||||||||||||und||
100
_a
Digit
245
0
_a
Skoar; special, 2 dozen games and demos
260
_a
Nine dot Nine
_c
2013
999
_c
139840
_d
139840